Länder Europas nach christdemokratischen Parteien - Statistiken

Allgemein
  • Dieses Quiz wurde 6 mal gespielt
  • Das Durchschnittsergebnis liegt bei 40 aus 42
Antwortstatistiken
Parteien Länder % Korrekt
Partia Demokristiane e _, Partia Kristiane Demokrate e _ Albanien
100%
Centre Demòcrata _ Andorra
100%
_ Chryszijanskaja Demakratyja, Kansiervatyjuna-Chryscijanskaja Partyja BNF, Partyja BNF Belarus
100%
Christen-Democratisch en Vlaams,Christlich Soziale Partei, Les Engagés, Pro Deutschsprachige Gemeinschaft Belgien
100%
Hrvatska demokratska zajednica _ _ _ Bosnien und Herzegowina
100%
Sajus na Demokratitschnite Sili, Demokrati sa Silna _, _Semedelski Naroden Sajus Bulgarien
100%
Kristendemokraterne, Miðflokkurin Dänemark
100%
Aufbruch C, Bündnis C, Christlich Demokratische Union, Christlich-Soziale Union,Zentrumspartei Deutschland
100%
Isamaa ja Res Publica Liit Estland
100%
Kristillisdemokraatit Finnland
100%
Les Républicains Frankreich
100%
Kristianul-Demokratiuli Modzraoba Griechenland
100%
Nea Dimokratia Irland
100%
Fine Gael Island
100%
Forza _, Partito Autonomista Trentino Tirolese, Popolari-Unione Democratici per l’Europa, Südtiroler Volkspartei, Unione di Centro Italien
100%
_ lenkų rinkimų akcija, Tėvynės Sąjunga – _krikščionys demokratai Litauen
100%
Chrëschtlech Sozial Vollekspartei Luxemburg
100%
Partit Nazzjonalista Malta
100%
Christen-Democratisch Appèl, ChristenUnie, Nieuw Sociaal Contract, Staatkundig Gereformeerde Partij Niederlande
100%
Demokratska Partija za _ Nacionalno Edinstvo, Vnatrešna makedonska revolucionerna organizacija - Narodna partija Nordmazedonien
100%
Kristelig Folkeparti Norwegen
100%
Christliche Partei _, _ Volkspartei, Christliche Wählergemeinschaft Österreich
100%
Platforma Obywatelska, _ Stronnictwo Ludowe, Prawo i Sprawiedliwość Polen
100%
Centro Democrático e Social – Partido Popular, Partido Social Democrata Portugal
100%
Partidul Național Liberal, Partidul Național Țărănesc Creștin Democrat Rumänien
100%
Die Mitte, Evangelische Volkspartei Schweiz
100%
Demokratska stranka _ Serbien
100%
_ Demokraticka a Krestanska Unia, Strana maďarskej komunity Slowakei
100%
_ Ljudska Stranka, Nova _ Krščanska ljudska stranka Slowenien
100%
Eusko Alderdi Jeltzalea-Partido Nacionalista Vasco, Foro de Ciudadanos, Partido Popular, Unió Democràtica de Catalunya, Unión del Pueblo Navarro Spanien
100%
Blok Nascha _ – Narodna samooborona Christijansko-demokratitschnij sojus Ukraine
100%
Fidesz – Magyar Polgári Szövetség, Kereszténydemokrata Néppárt Ungarn
100%
Christian Democratic Party, Christian Party, Christian Peoples Alliance, Scottish Christian Party, The Common Good, Welsh Christian Party, Vereinigtes Königreich
100%
Dimokratikos Synagermos Zypern
100%
_ demokratska zajednica, _ seljačka stranka Kroatien
83%
Fortschrittliche Bürgerpartei in _, Vaterländische Union Liechtenstein
83%
Partidul Liberal Democrat din _, Partidul Popular Crestin Democrat Moldawien
83%
Demokratska Srbska Stranka, Narodna Stranka Montenegro
83%
Partito Democratico Cristiano _ San Marino
83%
Kristdemokraterna Schweden
83%
Křesťanská a demokratická unie – _ strana lidová Tschechien
83%
Kristianul-Demokratiuli Modzraoba Georgien
50%
Keine übereinstimmenden Quizze gefunden
Verteilung der Resultate
Anzahl Personen mit jedem Resultat
Perzentil nach korrekt beantworteten Fragen
Ihre Resultats-Entwicklung
Sie haben dieses Quiz noch nicht gespielt